000 003090000a22001450004500
003 MACL
040 _aMACL
090 _c32981
_d32979
100 _aSubramaniam, Dr A
245 _aTransfer of Property
260 _bAndhra Law House
_c1997
350 _a65
650 _aPrivate Law
942 _cBOOK
_k346/Sub
999 _c32644
_d32644